000 00638nam a22001457a 4500
020 _a978-1-847-92367-7
082 _a823
_bKAL/W
100 _aKALANITHI, PAUL
245 _aWHEN BREATH BECOMES AIR
260 _aLONDON
_bPENGUIN RANDOM HOUSE
_c2016
300 _a228
520 _aWhen Breathe Becomes Air is a sad story of a guy who just made it in life— he was young, had a great wife who was expecting their first child, and he was the main neurosurgeon at the general hospital at 36. And then the roof came crashing in when he was diagnosed with stage four terminal lung career (as a non-smoker).
650 _aSTORY
942 _cBK
999 _c7029
_d7029